000 00791nas a2200277 4500
001 BR0205398
003 BR-BrBNA
005 20231205103344.0
007 ta
008 230509b bl.|||p| |||| 00| 00por d
040 _aBR-BrBNA
_bpor
_cBiblioteca Nacional de Agricultura
041 _a(Pt)
072 _aH60
100 1 _aNeves, T.
100 1 _aFoloni, L.L.
100 1 _aPitelli, R.A.
245 1 _aControle químico do aguapé (Eichhornia crassipes)
650 _aBARONEZA
650 _aERVA DANINHA
650 _aPLANTA AQUÁTICA
650 _aHERBICIDA
650 _aÉPOCA DE APLICAÇÃO
773 0 _tPlanta Daninha (Brazil)
_xISSN 0100-8358
_g(2002), v. 20(Edição Especial) p. 89-97
_wBR0205398
909 _a202311
_bLúcia
_c55
_dLúcia Elande
942 _2AGRIS
_n0
_cANA
999 _c172425
_d172425